000 00332 a2200145 4500
001 121463
020 _a9788540309319
040 _cEscola Canadense de Niteroi
100 _aMaria Amélia Vieira
245 1 0 _aViver Valores: História 3º Ano
362 0 _a2018
490 0 _aViver Valores
650 4 _aHistória
942 _cBK
999 _c121463
_d121463